=LDR 00000nam 2200000 4500 =001 INLIS000000000048056 =005 20160412102315.0 =006 =007 =008 =035 ##$$0010-041600000000037 =082 ##$$a 943 =090 ##$$a 943 soc f =100 ##$$a cocietats =245 ##$$a Fakta mengenai jerman =260 ##$$a jakarta $b katalis $c 1995 =300 ##$$a 491 hlm $b ilus $c 17 cm =850 ##$$a NBPNMAT =990 ##$$a 0001/BPAP-NTB/2016